Statistics for [Geometry Dash] Guess the Extreme Demon!

Click here to take the quiz!

General Stats

  • This quiz has been taken 96 times
  • The average score is 13 of 16

Answer Stats

Answer% Correct
Slaughterhouse
97%
The Golden
97%
xo
94%
arcturus
88%
Sonic Wave Infinity
88%
Firework
86%
Artificial Ascent
82%
Abyss of Darkness
79%
Cold Sweat
79%
Down Bass
79%
Tartarus
79%
Zodiac
77%
KOCMOC
76%
Low Death
68%
Kyouki
59%
Trueffet
59%

Score Distribution

Percentile by Number Answered

Percent of People with Each Score

Your Score History

You have not taken this quiz